000 00341 a2200157 4500
001 60995
020 _a9788535712001
040 _cAnchieta - Pituba
100 _aJaf, Ivan
240 1 0 _aVovó tá com a macaca
_lpor
245 1 0 _aVovó tá com a macaca
300 _a128
362 0 _a2010
650 4 _aLiteratura juvenil
942 _cBK
999 _c60995
_d60995